• 首页
  • 本馆介绍
  • 公告通知
  • 最新文献
  • 馆藏检索
  • 电子资源
  • 读者导购
  • 参考咨询
  • 我的图书馆
  • 登录
  • 详细信息显示
  • 放入我的书架
  • 预约/预借图书
  • 作者相关作品
  • 分类相关作品
  • 丛书相关作品
  • 出版社相关作品

书目信息

  • 表格格式
  • 工作单格式
  • 卡片格式
题名:
333教育综合应试题库
    
 
作者: 徐影 主编
分册:  
出版信息: 北京   北京理工大学出版社  2017
页数: 294页
开本: 26cm
丛书名:
单 册:
中图分类: G40-44
科图分类:
主题词: 教育学--jiao yu xue--研究生--入学考试--习题集
电子资源:
ISBN: 978-7-5682-3798-7
000 00919nam0 2200253 450
001 012001003984
005 20131027153030.0
010    @a978-7-5682-3798-7@dCNY52.80
099    @aCAL 012017068601
100    @a20170427d2017 em y0chiy50 ea
101 0  @achi
102    @aCN@b110000
105    @ay q 000yy
106    @ar
200 1  @a333教育综合应试题库@A333 jiao yu zong he ying shi ti ku@f徐影主编
210    @a北京@c北京理工大学出版社@d2017
215    @a294页@d26cm
300    @a教育硕士考研精品教程
330    @a本书具体包括名词解释、简答题和分析论述题三种题型。考试中的重要知识点以多种题型呈现,指导考生有效答题,避免产生因题型陌生而丢分的现象。题目与答案分开编写,考生可以拥有充分的时间梳理、回忆教材内容。
606 0  @a教育学@Ajiao yu xue@x研究生@x入学考试@j习题集
690    @aG40-44@v4
701  0 @a徐影@Axu ying@4主编
801  2 @aCN@b江苏凤凰@c20191020
905    @b1228079-82@dG40-44@e1017@f4
    
    333教育综合应试题库/徐影主编.-北京:北京理工大学出版社,2017
    294页;26cm
    教育硕士考研精品教程
    
    ISBN 978-7-5682-3798-7:CNY52.80
    本书具体包括名词解释、简答题和分析论述题三种题型。考试中的重要知识点以多种题型呈现,指导考生有效答题,避免产生因题型陌生而丢分的现象。题目与答案分开编写,考生可以拥有充分的时间梳理、回忆教材内容。
●
相关链接 在E读中查询图书 在五车中查询图书 在当当中查询图书 在豆瓣中查询图书


正题名:333教育综合应试题库     索取号:G40-44/1017         预约/预借

序号 登录号 条形码 馆藏地/架位号 状态 备注
1 1228079   212280798   第一样本阅览室/ [索取号:G40-44/1017] 在馆    
2 1228080   212280805   教育系资料室/ [索取号:G40-44/1017] 在馆    
3 1228081   212280814   教育系资料室/ [索取号:G40-44/1017] 在馆    
4 1228082   212280823   第四借阅区/ [索取号:G40-44/1017] 在馆    
唐山师范学院图书馆 欢迎您!
大连网信软件有限公司© 版权所有